[Event "CRO-chT2 Center"]
[Site "Croatia"]
[Date "2015.04.12"]
[Round "4.36"]
[White "Nemec, Vjekoslav"]
[Black "Stojkovic, Josip"]
[Result "1/2-1/2"]
[WhiteElo "2172"]
[BlackElo "2093"]
[PlyCount "102"]
[EventDate "2015.03.22"]
[EventType "team-tourn"]
[EventRounds "11"]
[EventCountry "CRO"]
[SourceTitle "EXT 2016"]
[Source "ChessBase"]
[SourceDate "2015.10.08"]
[SourceVersion "1"]
[SourceVersionDate "2015.10.08"]
[SourceQuality "1"]

1. c4 Nf6 2. Nc3 e5 3. Nf3 Nc6 4. g3 d5 5. cxd5 Nxd5 6. Bg2 Be6 7. 0-0 Be7 8. d4 exd4 9. Nxd4 Nxd4 10. Qxd4 Bf6 11. Qa4+ c6 12. Nxd5 Bxd5 13. Rd1 b5 14. Qc2 Qc8 15. Bxd5 cxd5 16. Qxc8+ Rxc8 17. Rxd5 a6 18. Rb1 0-0 19. Kf1 Rc2 20. Rd2 Rfc8 21. Rxc2 Rxc2 22. Ke1 Bd4 23. Kd1 Rc6 24. e3 Bf6 25. Bd2 Kf8 26. Rc1 Rd6 27. Ke2 Ke8 28. b3 Kd7 29. Bb4 Rd5 30. e4 Rd4 31. Rd1 Rxd1 32. Kxd1 Bd4 33. Ke2 g6 34. g4 Ke6 35. f3 Bb6 36. Bc3 Bc7 37. h3 Bf4 38. Kd3 Bc7 39. Bd4 Bd8 40. a4 Bc7 41. axb5 axb5 42. Bc5 Be5 43. Ke3 Bc7 44. Kd3 Be5 45. Bb6 Bg3 46. Ke3 Bh2 47. Bd4 Bc7 48. g5 Bd6 49. f4 Bf8 50. Kf3 h5 51. gxh6 Bxh6 1/2-1/2

[Event "CRO-chT2 Center"]
[Site "Croatia"]
[Date "2015.03.22"]
[Round "1.3"]
[White "Stojkovic, Josip"]
[Black "Cenkovcan, Andrija"]
[Result "0-1"]
[WhiteElo "2123"]
[BlackElo "1997"]
[PlyCount "60"]
[EventDate "2015.03.22"]
[EventType "team-tourn"]
[EventRounds "11"]
[EventCountry "CRO"]
[SourceTitle "EXT 2016"]
[Source "ChessBase"]
[SourceDate "2015.10.08"]
[SourceVersion "1"]
[SourceVersionDate "2015.10.08"]
[SourceQuality "1"]

1. e4 e6 2. d4 d5 3. Nd2 Nc6 4. Ngf3 Nf6 5. e5 Nd7 6. c3 f6 7. exf6 Qxf6 8. Bb5 Bd6 9. Nf1 0-0 10. Ne3 Kh8 11. 0-0 h6 12. Re1 a6 13. Ba4 Nb6 14. Bxc6 bxc6 15. Ng4 Qf5 16. Nge5 Bxe5 17. Rxe5 Qf7 18. b3 a5 19. Re3 Nd7 20. Qe1 Rd8 21. Nh4 Nf8 22. Ba3 Qh5 23. g3 Ng6 24. Nf3 a4 25. bxa4 Rxa4 26. Bb4 Qf5 27. Kg2 Bd7 28. a3 Ra6 29. h4 Qg4 30. Qe2 Nf4+ 0-1

[Event "CRO-chT2 Center 23rd"]
[Site "Grubisno Polje"]
[Date "2014.09.14"]
[Round "9.46"]
[White "Garac, Marijan"]
[Black "Stojkovic, Josip"]
[Result "1/2-1/2"]
[WhiteElo "1911"]
[BlackElo "2131"]
[PlyCount "91"]
[EventDate "2014.03.02"]
[EventType "team-match"]
[EventRounds "11"]
[EventCountry "CRO"]
[SourceTitle "EXT 2016"]
[Source "ChessBase"]
[SourceDate "2015.10.08"]
[SourceVersion "1"]
[SourceVersionDate "2015.10.08"]
[SourceQuality "1"]

1. e4 c5 2. Nf3 e6 3. d4 cxd4 4. Nxd4 Nf6 5. Nc3 Nc6 6. Be3 Bb4 7. f3 d5 8. Bb5 Bd7 9. Bxc6 Bxc6 10. e5 Nd7 11. f4 Qa5 12. Bd2 Qb6 13. Be3 Qa5 14. Bd2 Qb6 15. Be3 Bxc3+ 16. bxc3 Qa5 17. Bd2 Qc5 18. 0-0 g6 19. Kh1 Nb6 20. Rf3 Bb5 21. Qe1 Bc4 22. a4 Ba6 23. Nb3 Qc7 24. Be3 Nd7 25. Bd4 b6 26. Qf2 Bc4 27. Nd2 Ba6 28. Rh3 h5 29. Nb3 Bc4 30. a5 Rb8 31. axb6 axb6 32. Nd2 Nc5 33. Bxc5 Qxc5 34. Qxc5 bxc5 35. Nxc4 dxc4 36. g4 Kf8 37. g5 Rb2 38. Rc1 Ke7 39. Re3 Ra8 40. Re4 Ra4 41. h3 Kd7 42. Re2 Kc6 43. Kg1 Ra7 44. Kf1 Rab7 45. Ree1 Rd7 46. Re2 1/2-1/2

[Event "CRO-chT2 Center 23rd"]
[Site "Grubisno Polje"]
[Date "2014.04.06"]
[Round "6.2"]
[White "Stojkovic, Josip"]
[Black "Fadljevic, Ivan"]
[Result "1-0"]
[WhiteElo "2131"]
[BlackElo "1946"]
[PlyCount "87"]
[EventDate "2014.03.02"]
[EventType "team-match"]
[EventRounds "11"]
[EventCountry "CRO"]
[SourceTitle "EXT 2016"]
[Source "ChessBase"]
[SourceDate "2015.10.08"]
[SourceVersion "1"]
[SourceVersionDate "2015.10.08"]
[SourceQuality "1"]

1. e4 e5 2. Nf3 Nc6 3. Bc4 d6 4. d4 exd4 5. Nxd4 Bd7 6. Nc3 g6 7. Be3 Bg7 8. h4 Bxd4 9. Bxd4 Nxd4 10. Qxd4 Qf6 11. Qe3 Ne7 12. 0-0-0 a6 13. f4 0-0-0 14. g3 Rhe8 15. Rde1 Kb8 16. h5 Be6 17. Be2 Nc6 18. Rd1 d5 19. e5 Qe7 20. Qf2 d4 21. Ne4 Bxa2 22. Nf6 Rh8 23. Bf3 Nxe5 24. fxe5 Qxe5 25. Be4 Rd6 26. Rhf1 Rhd8 27. Bd3 Qa5 28. Ne4 R6d7 29. Qe1 Qd5 30. Nf6 Qg5+ 31. Qd2 Qxd2+ 32. Rxd2 Rd6 33. b3 Bxb3 34. cxb3 gxh5 35. Nxh5 Rg8 36. Bf5 h6 37. g4 c5 38. Re1 Ka7 39. Re5 Kb6 40. Re7 Rb8 41. Rxf7 Ka5 42. Rf6 Rd5 43. Ra2+ Kb4 44. Rb6+ 1-0

[Event "CRO-chT2 Center 23rd"]
[Site "Grubisno Polje"]
[Date "2014.03.02"]
[Round "2.2"]
[White "Galic, Kruno"]
[Black "Stojkovic, Josip"]
[Result "1-0"]
[WhiteElo "2104"]
[BlackElo "2131"]
[PlyCount "61"]
[EventDate "2014.03.02"]
[EventType "team-match"]
[EventRounds "11"]
[EventCountry "CRO"]
[SourceTitle "EXT 2016"]
[Source "ChessBase"]
[SourceDate "2015.10.08"]
[SourceVersion "1"]
[SourceVersionDate "2015.10.08"]
[SourceQuality "1"]

1. d4 Nf6 2. Nf3 g6 3. c4 Bg7 4. Nc3 d5 5. e3 0-0 6. h3 c5 7. Be2 Nc6 8. 0-0 cxd4 9. exd4 dxc4 10. Bxc4 Na5 11. Be2 Be6 12. Re1 Rc8 13. Bf1 Bc4 14. Bxc4 Nxc4 15. Qe2 e6 16. Rd1 Nd5 17. Nxd5 Qxd5 18. b3 Nd6 19. Ba3 Rfd8 20. Bxd6 Qxd6 21. Qd2 Rc7 22. Rac1 Rxc1 23. Qxc1 e5 24. d5 e4 25. Nh2 f5 26. Nf1 f4 27. Qc4 Re8 28. Re1 Rd8 29. Rxe4 Be5 30. Nd2 Rd7 31. Rxe5 1-0

[Event "CRO-chT2 Center 22nd"]
[Site "Sisak"]
[Date "2013.10.13"]
[Round "9.2"]
[White "Stojkovic, Josip"]
[Black "Opic, Ivan"]
[Result "1-0"]
[WhiteElo "2126"]
[BlackElo "1964"]
[PlyCount "49"]
[EventDate "2013.04.14"]
[EventType "team-tourn"]
[EventRounds "11"]
[EventCountry "CRO"]
[SourceTitle "EXT 2016"]
[Source "ChessBase"]
[SourceDate "2015.10.08"]
[SourceVersion "1"]
[SourceVersionDate "2015.10.08"]
[SourceQuality "1"]

1. e4 e5 2. Nf3 Nc6 3. Bc4 Bc5 4. b4 Bxb4 5. c3 Ba5 6. d4 exd4 7. 0-0 d6 8. Qb3 Qe7 9. e5 Nxe5 10. Nxe5 dxe5 11. Qb5+ c6 12. Qxa5 b6 13. Qa3 b5 14. Bd3 b4 15. Qxb4 Qxb4 16. cxb4 f5 17. Re1 e4 18. f3 e3 19. Bb2 Kf7 20. Bxd4 a5 21. bxa5 Rxa5 22. Bxe3 Be6 23. a4 Nf6 24. Nc3 Rha8 25. Bb6 1-0

[Event "CRO-chT2 Center 22nd"]
[Site "Sisak"]
[Date "2013.04.21"]
[Round "4.5"]
[White "Stojkovic, Josip"]
[Black "Blaga, Marijan"]
[Result "1-0"]
[WhiteElo "2126"]
[BlackElo "2076"]
[PlyCount "37"]
[EventDate "2013.04.14"]
[EventType "team-tourn"]
[EventRounds "11"]
[EventCountry "CRO"]
[SourceTitle "EXT 2016"]
[Source "ChessBase"]
[SourceDate "2015.10.08"]
[SourceVersion "1"]
[SourceVersionDate "2015.10.08"]
[SourceQuality "1"]

1. e4 c5 2. c3 d5 3. exd5 Qxd5 4. d4 Nc6 5. Be3 cxd4 6. cxd4 e5 7. Nc3 Bb4 8. Nf3 Bg4 9. dxe5 Bxf3 10. Qxf3 Qxf3 11. gxf3 Nxe5 12. Bb5+ Nc6 13. Rg1 g6 14. 0-0-0 Bxc3 15. bxc3 Nge7 16. Bc5 Rd8 17. Bxc6+ bxc6 18. Rge1 Rxd1+ 19. Kxd1 1-0

[Event "CRO-chT2 Center"]
[Site "Zagreb"]
[Date "2012.03.18"]
[Round "1.56"]
[White "Kovacic, Damir"]
[Black "Stojkovic, Josip"]
[Result "0-1"]
[WhiteElo "2075"]
[BlackElo "2132"]
[PlyCount "46"]
[EventDate "2012.03.18"]
[EventType "team-swiss"]
[EventRounds "11"]
[EventCountry "CRO"]
[SourceTitle "EXT 2014"]
[Source "ChessBase"]
[SourceDate "2013.11.20"]
[SourceVersion "1"]
[SourceVersionDate "2013.11.20"]
[SourceQuality "1"]

1. e4 c5 2. Nf3 e6 3. d4 cxd4 4. Nxd4 Nf6 5. Bd3 Nc6 6. c3 d5 7. exd5 Qxd5 8. 0-0 Bd6 9. Nb5 Bb8 10. g3 a6 11. c4 Qd7 12. N5c3 Ne5 13. Be2 Qc6 14. Bg5 b6 15. Qd4 Bb7 16. f3 Bd6 17. Be3 Neg4 18. Nd5 Nxe3 19. Nxe3 Bc5 20. Qf4 0-0 21. b4 e5 22. bxc5 exf4 23. Nf5 Qxc5+ 0-1

[Event "CRO-chT2 Center"]
[Site "Croatia"]
[Date "2011.10.16"]
[Round "9.36"]
[White "Jovicic, Miodrag"]
[Black "Stojkovic, Josip"]
[Result "1/2-1/2"]
[WhiteElo "1984"]
[BlackElo "2147"]
[PlyCount "128"]
[EventDate "2011.03.20"]
[EventType "team-tourn"]
[EventRounds "11"]
[EventCountry "CRO"]
[SourceTitle "EXT 2014"]
[Source "ChessBase"]
[SourceDate "2013.11.20"]
[SourceVersion "1"]
[SourceVersionDate "2013.11.20"]
[SourceQuality "1"]

1. e4 c5 2. Nf3 e6 3. d4 cxd4 4. Nxd4 Nf6 5. Nc3 Nc6 6. Nxc6 bxc6 7. e5 Nd5 8. Nxd5 cxd5 9. Bd3 Qc7 10. Bf4 Rb8 11. Qc1 Qb6 12. b3 Ba6 13. 0-0 Bxd3 14. cxd3 Bc5 15. Qd1 0-0 16. Qg4 Kh8 17. Rac1 Rbc8 18. Rc2 Ba3 19. Qe2 Rc6 20. Be3 Rxc2 21. Qxc2 Qb8 22. f4 Rc8 23. Qf2 Qb5 24. Rd1 Rc3 25. Qe2 a5 26. Bd4 Bc5 27. Bxc5 Rxc5 28. Kf2 d4 29. Qe4 Rc2+ 30. Kf3 h6 31. Qxd4 Rxa2 32. Rc1 Qxb3 33. Rc8+ Kh7 34. Rf8 Qd1+ 35. Kg3 Qe1+ 36. Kh3 Qe2 37. Qe4+ Qxe4 38. dxe4 Re2 39. Rxf7 Rxe4 40. Kg3 Rd4 41. Rf8 a4 42. Ra8 Rd3+ 43. Kf2 a3 44. Ke2 Rb3 45. Kf2 h5 46. g3 Kg6 47. h3 Kf5 48. Ra4 g5 49. fxg5 Kxg5 50. Rd4 Kf5 51. Ra4 Kxe5 52. Rh4 a2 53. Rxh5+ Ke4 54. Rh4+ Kd3 55. Ra4 Rb2+ 56. Kf3 Kc2 57. g4 Kb1 58. g5 a1Q 59. Rxa1+ Kxa1 60. g6 d5 61. h4 d4 62. g7 Rb3+ 63. Kf2 Rb2+ 64. Kf3 Rb3+ 1/2-1/2

[Event "CRO-chT2 Center"]
[Site "Zagreb"]
[Date "2010.04.11"]
[Round "6.55"]
[White "Raljic, Mirko"]
[Black "Stojkovic, Josip"]
[Result "1-0"]
[WhiteElo "2153"]
[BlackElo "2166"]
[PlyCount "75"]
[EventDate "2010.03.21"]
[EventType "team-tourn"]
[EventRounds "11"]
[EventCountry "CRO"]
[SourceTitle "EXT 2012"]
[Source "ChessBase"]
[SourceDate "2011.11.24"]
[SourceVersion "1"]
[SourceVersionDate "2011.11.24"]
[SourceQuality "1"]

1. e4 c5 2. Nc3 Nc6 3. g3 g6 4. Bg2 Bg7 5. d3 d6 6. f4 e6 7. Nh3 Nge7 8. 0-0 f5 9. Be3 Nd4 10. Qd2 Rb8 11. Nd1 b6 12. c3 Ndc6 13. Bf2 0-0 14. Re1 d5 15. exf5 Nxf5 16. Ng5 e5 17. Ne3 Nxe3 18. Bxe3 h6 19. Nf3 d4 20. Bf2 dxc3 21. bxc3 exf4 22. gxf4 Qf6 23. Ne5 Nxe5 24. fxe5 Qf5 25. d4 Rd8 26. Bg3 cxd4 27. cxd4 Be6 28. d5 Rbc8 29. Be4 Qg4 30. Qg2 Bf5 31. Rad1 Rc5 32. e6 Bc3 33. e7 Re8 34. Bxf5 gxf5 35. d6 Bxe1 36. d7 Kf7 37. dxe8Q+ Kxe8 38. Qa8+ 1-0

[Event "CRO-chT2b"]
[Site "Croatia"]
[Date "2009.10.18"]
[Round "7"]
[White "Premuzic, Zoran"]
[Black "Stojkovic, Josip"]
[Result "1/2-1/2"]
[WhiteElo "1973"]
[BlackElo "2175"]
[PlyCount "53"]
[EventDate "2009.03.01"]
[EventType "team-tourn"]
[EventRounds "11"]
[EventCountry "CRO"]
[SourceTitle "EXT 2011"]
[Source "ChessBase"]
[SourceDate "2010.11.26"]
[SourceVersion "1"]
[SourceVersionDate "2010.11.26"]
[SourceQuality "1"]

1. d4 Nf6 2. c4 g6 3. g3 c6 4. Bg2 d5 5. cxd5 cxd5 6. Nf3 Bg7 7. 0-0 0-0 8. Nc3 Ne4 9. Nxe4 dxe4 10. Ne5 Qd5 11. b3 Bxe5 12. dxe5 Qxe5 13. Bh6 Re8 14. Bf4 Qe6 15. Qd4 f5 16. Bxb8 Rxb8 17. Qxa7 Bd7 18. e3 Bb5 19. Rfd1 b6 20. Bf1 Bxf1 21. Kxf1 Red8 22. Qc7 Rdc8 23. Qd7 Kf7 24. Qxe6+ Kxe6 25. Rac1 b5 26. Rxc8 Rxc8 27. a4 1/2-1/2

[Event "CRO-chT3"]
[Site "Zagreb"]
[Date "2008.05.04"]
[Round "6"]
[White "Stojkovic, Josip"]
[Black "Maravic, Stjepan"]
[Result "1-0"]
[WhiteElo "2198"]
[BlackElo "2167"]
[PlyCount "111"]
[EventDate "2008.03.30"]
[EventType "team-tourn"]
[EventRounds "9"]
[EventCountry "CRO"]
[SourceTitle "EXT 2011"]
[Source "ChessBase"]
[SourceDate "2010.11.26"]
[SourceVersion "1"]
[SourceVersionDate "2010.11.26"]
[SourceQuality "1"]

1. e4 d6 2. d4 g6 3. Nc3 Bg7 4. Be3 c6 5. h3 Nd7 6. Nf3 b5 7. Bd3 Qc7 8. 0-0 Ngf6 9. Qd2 b4 10. Ne2 c5 11. c3 Bb7 12. cxb4 cxb4 13. Rfc1 Qb6 14. d5 Nc5 15. Ng3 0-0 16. Nd4 Nfd7 17. Be2 a5 18. Rd1 a4 19. Bh6 e6 20. Bxg7 Kxg7 21. Qg5 Qd8 22. Qxd8 Rfxd8 23. dxe6 fxe6 24. Nb5 d5 25. exd5 Bxd5 26. Nc7 Rac8 27. Nxd5 exd5 28. Rxd5 Nb6 29. Rxd8 Rxd8 30. Rc1 Rd5 31. Nf1 Re5 32. Ne3 Ne6 33. Rc6 Nd7 34. Bg4 a3 35. bxa3 Ndf8 36. axb4 Nd4 37. Rc7+ Kf6 38. a4 h5 39. Bf3 Nfe6 40. Ra7 Ng5 41. Bd5 Ne2+ 42. Kf1 Nc3 43. Bc6 Ne6 44. Rd7 Nf8 45. Rd6+ Ke7 46. Rd3 Na2 47. Nd5+ Kf7 48. b5 Ne6 49. Re3 Rg5 50. a5 Nd4 51. Rd3 Nc2 52. Rd2 Nab4 53. Nxb4 Nxb4 54. a6 Rc5 55. a7 Rc1+ 56. Ke2 1-0

[Event "EU-chT Railways USIC"]
[Site "Dresden"]
[Date "2000.06.23"]
[Round "5.4"]
[White "Stojkovic, Josip"]
[Black "Hornak, Viliam"]
[Result "1-0"]
[WhiteElo "2120"]
[BlackElo "2109"]
[PlyCount "87"]
[EventDate "2000.06.19"]
[EventType "team-swiss"]
[EventRounds "7"]
[EventCountry "GER"]
[SourceTitle "EXT 2002"]
[Source "ChessBase"]
[SourceDate "2001.11.25"]
[SourceVersion "1"]
[SourceVersionDate "2001.11.25"]
[SourceQuality "1"]
[WhiteTeam "Croatia (USIC)"]
[BlackTeam "Slovakia (USIC)"]
[WhiteTeamCountry "CRO"]
[BlackTeamCountry "SVK"]

1. e4 e5 2. Nc3 Nf6 3. f4 d6 4. Nf3 Nbd7 5. Bc4 Be7 6. d3 0-0 7. 0-0 c6 8. Kh1 b5 9. Bb3 Qc7 10. a3 Nc5 11. Ba2 exf4 12. Bxf4 a5 13. Be3 Ne6 14. Qe1 Ng4 15. Bg1 Ne5 16. d4 Nxf3 17. Rxf3 Nd8 18. Qg3 Kh8 19. Raf1 Bf6 20. Rxf6 gxf6 21. Qh4 Ne6 22. d5 Ng7 23. Bd4 f5 24. dxc6 Be6 25. Qh6 Rg8 26. exf5 Bxa2 27. Ne4 Qd8 28. Ng5 Qxg5 29. Qxg5 Bd5 30. c7 Rac8 31. Qe7 h6 32. Kg1 Kh7 33. g3 Ne8 34. Bb6 a4 35. Rd1 Bc4 36. Qd7 Nf6 37. Qxd6 Nh5 38. Be3 f6 39. Qd7+ Kh8 40. Bxh6 Nxg3 41. hxg3 Rxg3+ 42. Kf2 Rgg8 43. Bg7+ Rxg7 44. Rh1+ 1-0